00318nam a2200121Ia 4500003000400000005001700004008004100021020001900062040001700081100001300098245006300111260002200174OSt20240321114524.0170523s9999 xx 000 0 und d a978-8120314856 cIIMTU MEERUT aMAINIRIO 0aDEVELOPING MANAGERIAL SKILL AND ORGANISATIONAL BEHAVIOUR bTATA MC GRAW HILL